Financial and managerial accounting

Main Author: Warren, Carl S.
Other Authors: Reeve, 1953- .), Fess,
Published: Cincinnati, Ohio: South Western Publishing co. 1995..
Edition:4th ed..
Subjects:
LEADER 00879cam a2200241 7i4500
001 0000007951
005 20140623090000.0
020 0 0 |a 053883336X  
035 0 0 |a 0218-59560 
090 0 0 |a HF 5635   |b W287 1994 
100 1 0 |a Warren, Carl S.  
245 1 0 |a Financial and managerial accounting   |c Carl S. Warren, James M. Reeve, Philip E. Fess.. 
250 0 0 |a 4th ed.. 
260 0 0 |a Cincinnati, Ohio:   |b South Western Publishing co. 1995.. 
300 # # |a 1198p. :;   |c 28cm.. 
500 0 0 |a Revised ed. of Principles oF Financial & managerial accounting, 2nd. ed., 1993. 
590 # # |a Pusat Pengajian Perniagaan dan Pengurusan Maritim 
650 0 0 |a Accounting  
650 0 0 |a Managerial accounting.  
700 1 1 |a Reeve,   |h James M.(  |d 1953- .)  
700 1 1 |a Fess,   |h Phillip E.  
740 0 1 |a Principles of financial and managerial accounting. 
999 |a 1000383804  |b Book  |c Open Shelf  |e KOLEKSI TERBUKA